[Event "Nichelino op-B 14th"]
[Site "Nichelino"]
[Date "2013.10.04"]
[Round "1"]
[White "Carfagna, Alex"]
[Black "Ferraro, Federico"]
[Result "0-1"]
[WhiteElo "1855"]
[BlackElo "1613"]
[PlyCount "64"]
[EventDate "2013.10.04"]
[EventType "swiss"]
[EventRounds "5"]
[EventCountry "ITA"]
[SourceTitle "EXT 2024"]
[Source "ChessBase"]
[SourceDate "2023.10.10"]
[SourceVersion "1"]
[SourceVersionDate "2023.10.10"]
[SourceQuality "1"]

1. e4 e6 2. d4 d5 3. e5 c5 4. c3 Nc6 5. Nf3 Qb6 6. a3 Nh6 7. b4 cxd4 8. cxd4 Nf5 9. Bb2 Bd7 10. Be2 Rc8 11. 0-0 Be7 12. Re1 0-0 13. g4 Nh6 14. h3 f6 15. Nbd2 Nf7 16. Bd3 a6 17. Qb1 h6 18. Bh7+ Kh8 19. Nh4 f5 20. Ng6+ Kxh7 21. Nxf8+ Bxf8 22. gxf5 Kg8 23. Qd3 Ncd8 24. fxe6 Nxe6 25. Rac1 Rxc1 26. Rxc1 Nf4 27. Qf3 Ng5 28. Qe3 Ngxh3+ 29. Kh2 Qg6 30. Qg3 Qf5 31. Nf1 Qh5 32. Nd2 Nxf2+ 0-1

[Event "Torino op 37th"]
[Site "Torino"]
[Date "2011.10.31"]
[Round "4"]
[White "Ferraro, Federico"]
[Black "Matta, Francesca"]
[Result "0-1"]
[WhiteElo "1567"]
[BlackElo "1887"]
[PlyCount "74"]
[EventDate "2011.10.29"]
[EventType "swiss"]
[EventRounds "6"]
[EventCountry "ITA"]
[SourceTitle "EXT 2018"]
[Source "ChessBase"]
[SourceDate "2017.10.13"]
[SourceVersion "1"]
[SourceVersionDate "2017.10.13"]
[SourceQuality "1"]

1. e4 e5 2. Nf3 Nc6 3. Bc4 Bc5 4. Nc3 Nf6 5. d3 d6 6. Bg5 Be6 7. Bb3 Nd4 8. Nd5 Nxb3 9. axb3 Bxd5 10. exd5 0-0 11. Nd2 h6 12. Bxf6 Qxf6 13. Qf3 Qxf3 14. Nxf3 f5 15. 0-0 e4 16. dxe4 fxe4 17. Ne1 e3 18. Nd3 exf2+ 19. Kh1 Rae8 20. Rad1 Re2 21. c3 Rf5 22. c4 Bd4 23. Nc1 Rc2 24. g3 Bxb2 25. Kg2 Bxc1 26. Rxc1 Rxc1 27. Rxc1 Kf7 28. Rf1 Kf6 29. Rxf2 Rxf2+ 30. Kxf2 Ke5 31. Ke3 c6 32. dxc6 bxc6 33. b4 d5 34. Kd3 a6 35. h3 d4 36. g4 g5 37. c5 Kd5 0-1

[Event "Torino op 37th"]
[Site "Torino"]
[Date "2011.10.29"]
[Round "1"]
[White "Ferraro, Federico"]
[Black "Cacinschi, Alexandru"]
[Result "0-1"]
[WhiteElo "1567"]
[BlackElo "1989"]
[PlyCount "84"]
[EventDate "2011.10.29"]
[EventType "swiss"]
[EventRounds "6"]
[EventCountry "ITA"]
[SourceTitle "EXT 2018"]
[Source "ChessBase"]
[SourceDate "2017.10.13"]
[SourceVersion "1"]
[SourceVersionDate "2017.10.13"]
[SourceQuality "1"]

1. e4 g6 2. d4 c6 3. Nf3 d5 4. exd5 cxd5 5. Bd3 Bg4 6. Bf4 Nc6 7. c3 Bg7 8. Nbd2 Nf6 9. h3 Bxf3 10. Nxf3 Qb6 11. Qe2 0-0 12. 0-0 Rfe8 13. Rab1 a6 14. Rfe1 Qa5 15. b4 Qd8 16. Qe3 b5 17. Bh6 Bh8 18. Bg5 Qb6 19. Ne5 Qb7 20. Bh6 Nd7 21. Nxf7 e5 22. Nd6 Qc7 23. Nxe8 Rxe8 24. Qg3 Re6 25. h4 Nf6 26. f4 e4 27. Be2 Ne7 28. Bg4 Nxg4 29. Qxg4 Nf5 30. Bg5 Qxc3 31. Kh1 h5 32. Qh3 Qxh3+ 33. gxh3 Bxd4 34. Kg2 Bc3 35. Rec1 d4 36. Rb3 e3 37. Rbxc3 dxc3 38. Kf1 e2+ 39. Ke1 Re3 40. Kf2 c2 41. Bf6 e1Q+ 42. Rxe1 Rxe1 0-1